000
00341pam a2200157a 44500
008
230515b1985 xxu||||| |||| 00| 0 eng d
020
_a
NULL
041
_a
ENGL
082
_a
621.2 /JAG
100
_a
JAGDISH LAL
245
_a
HYDRAULIC MACHINES
250
_a
N.D.
260
_a
NULL
_b
METRO
_c
1985
300
_a
585 PB
650
_a
NULL
999
_c
621619
_d
621619